000 00982nam a2200289 i 4500
003 MY-SjTCS
005 20241202105020.0
008 241120t19981998ii a|||| b||| 001 0 eng d
020 _a9788120412606
_qpaperback
040 _aMY-SjTCS
_beng
_cMY-SjTCS
_erda
082 0 4 _a636
_bBAN 1998
100 _aBanerjee, G. C.
_q(Ganesh Chandra),
_eauthor.
_9307933
245 1 2 _aA textbook of animal husbandry /
_cGC Banerjee.
250 _aEighth edition.
264 1 _aNew Delhi :
_bOxford & IBH Publishing Co.Pvt.Ltd.,
_c[1998]
264 4 _c©1998
300 _axv, 1079 pages, 31 leaves of plates:
_billustrations ;
_c25 cm
336 _atext
_2rdacontent
337 _aunmediated
_2rdamedia
338 _avolume
_2rdacarrier
540 _aIncludes bibliographical references and index.
650 0 _aAnimal culture
_9307931
650 0 _aAnimal nutrition
_940499
650 0 _aDomestic animals
_9234662
650 0 _aLivestock
_xBreeding
_9308023
920 _aSVM : 337291, 337292
999 _c191379